Znani ludzie według inicjałów - imiona na "G" - Statystyki

Ogólne statystyki
  • Ten quiz został rozwiązany 276 razy
  • Średni wynik to 11 z 22
Statystyki odpowiedzi
Inicjały Kim jest ta osoba? Odpowiedź % Poprawnych
GN Polski polityk, pierwszy w historii prezydent RP Gabriel Narutowicz
92%
GL Polski piłkarz, król strzelców mundialu w 1974 r., prezes PZPN w latach 2008-2012 Grzegorz Lato
86%
GB Imię i nazwisko ojca i syna, amerykańskich polityków, prezydentów USA w latach 1989-1993 (ojciec) i 2001-2009 (syn) George Bush
85%
GA Włoski projektant mody, założyciel domu mody nazwanego jego imieniem i nazwiskiem Giorgio Armani
85%
GE Francuski inżynier i konstruktor, jego nazwiskiem nazwano słynną wieżę Gustave Eiffel
78%
GO Brytyjski pisarz, twórca powieści takich jak "Folwark zwierzęcy" i "Rok 1984" George Orwell
73%
GR Szkocki kucharz i restaurator, autor wielu książek kulinarnych, najlepiej zarabiający kucharz na świecie Gordon Ramsay
70%
GK Rosyjski szachista, uznawany za najwybitniejszego zawodnika w swojej dyscyplinie w historii Garri Kasparow
50%
GS Austriacki skoczek narciarski, dwukrotny zdobywca Kryształowej Kuli, mistrz świata, zwycięzca największej liczby konkursów Pucharu Świata Gregor Schlierenzauer
50%
GW Liberyjski piłkarz i polityk, zdobywca Złotej Piłki w 1995 r., obecny prezydent Liberii George Weah
48%
GH Angielski muzyk, gitarzysta zespołu The Beatles George Harrison
47%
GG Szwedzko-amerykańska aktorka, jedna z najwybitniejszych aktorek przełomu lat 20. i 30. XX w. Greta Garbo
46%
GC Amerykański aktor i reżyser, znany z roli dotkora Rossa w "Ostrym dyżurze", laureat dwóch Oscarów George Clooney
45%
GM Amerykański pisarz, twórca serii powieści fantasy "Pieśń lodu i ognia", na bazie której powstała "Gra o tron" George R.R. Martin
39%
GZ Włoski piłkarz, w swojej karierze występował m.in. w Juventusie, Barcelonie i Milanie Gianluca Zambrotta
37%
GV Włoski kompozytor epoki romantyzmu, jeden z najwybitniejszych kompozytorów operowych w historii Giuseppe Verdi
37%
GI Szwajcarski działacz sportowy włoskiego pochodzenia, od 2016 r. przewodniczący FIFA Gianni Infantino
36%
GD Włoski DJ i producent muzyczny, znany dzięki utworom "L'amour toujorus" czy "Bla Bla Bla" Gigi D'Agostino
36%
GP Amerykańska aktorka, wystąpiła m.in. w filmach "Morderstwo doskonałe" i "Zakochany Szekspir", gdzie otrzymała Oscara za rolę Violi" Gwyneth Paltrow
34%
GF Angielski wojskowy, jeden z członków grupy spiskowej planującej spisek prochowy Guy Fawkes
12%
GJ Jamajska piosenkarka i aktorka, znana z wydanych w latach 80. "Slave to the Rhythm" i "I've Seen that Face Before" Grace Jones
10%
GT Amerykański aktor pochodzenia japońskiego, znany z roli kapitana Hikaru Sulu w serii Star Trek George Takei
4%
Nie znaleziono quizów pasujących do podanych kryteriów
Rozkład punktacji
Procent ludzi z każdym wynikiem
Percentyl według liczby udzielonych odpowiedzi
Twoja historia wyników
Nie rozwiązałeś tego quizu